000 00642nam a2200193 4500
003 LK-CoMWRAF
005 20231109134522.0
008 230831b1981 |||||||| |||| 00| 0 eng d
040 _aLK-CoMWRAF
_dLK-CoMWRAF
_eLK-CoMWRAF
041 _aeng
082 _a305.23
_bDE
100 _aDe Lanerolle, Kenneth M.
245 _aPrinces in all the earth:
_ba study of children in society and their rights in Sri Lanka
260 _a[Kandy]:
_bAuthor,
_c1981
300 _axxxi, 135 p., [8] p. of plates : ill. ; 23 cm.
_bBibliography and glossary included
650 _aCHILD RIGHTS-Sri Lanka
650 _aChild welfare--Sri Lanka.
942 _cBK
999 _c3325
_d3325